Profil učiteľa odborného cudzieho jazyka v 21. storočí
Obsah jazykových programov podľa Spoločného európskeho rámca pre jazyky a podľa výskumu uskutočneného v projekte TALC (SK/05/B/F/LA-177424), porovnanie vyučovaných kompetentností s požiadavkami kladenými na kvalifikáciu učiteľa odborného cudzieho jazyka. Skúmanie východísk pre navrhovanú certifikáci...
Gespeichert in:
| 1. Verfasser: | |
|---|---|
| Format: | Buchkapitel |
| Sprache: | Slowakisch |
| Schlagworte: | |
| Tags: |
Keine Tags, Fügen Sie das erste Tag hinzu!
|
MARC
| LEADER | 00000nla$a2200000$$$4500 | ||
|---|---|---|---|
| 001 | 0093874 | ||
| 005 | 20240502072039.6 | ||
| 041 | 0 | |a slo | |
| 044 | |a SK | ||
| 245 | 1 | 0 | |a Profil učiteľa odborného cudzieho jazyka v 21. storočí |c Helena Šajgalíková |
| 520 | |a Obsah jazykových programov podľa Spoločného európskeho rámca pre jazyky a podľa výskumu uskutočneného v projekte TALC (SK/05/B/F/LA-177424), porovnanie vyučovaných kompetentností s požiadavkami kladenými na kvalifikáciu učiteľa odborného cudzieho jazyka. Skúmanie východísk pre navrhovanú certifikáciu učiteľov odborného cudzieho jazyka. Profil učiteľa cudzieho jazyka sa ako horúca téma dostal do popredia záujmu len nedávno. | ||
| 610 | 2 | 0 | |a jazyky cudzie |
| 610 | 2 | 0 | |a učitelia |
| 610 | 2 | 0 | |a školy vysoké odborné |
| 610 | 2 | 0 | |a kvalifikácia |
| 100 | 1 | |a Šajgalíková, Helena | |